<?xml version="1.0" encoding="UTF-8"?>
<record
    xmlns:xsi="http://www.w3.org/2001/XMLSchema-instance"
    xsi:schemaLocation="http://www.loc.gov/MARC21/slim http://www.loc.gov/standards/marcxml/schema/MARC21slim.xsd"
    xmlns="http://www.loc.gov/MARC21/slim">

  <leader>04596nab a2200289 i 4500</leader>
  <controlfield tag="003">BR-BrBNA</controlfield>
  <controlfield tag="005">20240129151447.0</controlfield>
  <controlfield tag="008">240129b2018    bl.qr|pooa||| 00| 0 por |</controlfield>
  <datafield tag="040" ind1=" " ind2=" ">
    <subfield code="a">BR-BrBNA</subfield>
    <subfield code="b">por</subfield>
  </datafield>
  <datafield tag="072" ind1=" " ind2=" ">
    <subfield code="a">K10</subfield>
  </datafield>
  <datafield tag="100" ind1=" " ind2=" ">
    <subfield code="a">Piveta, Graziela</subfield>
  </datafield>
  <datafield tag="100" ind1=" " ind2=" ">
    <subfield code="a">Mieth, Angelina Tais </subfield>
  </datafield>
  <datafield tag="100" ind1=" " ind2=" ">
    <subfield code="a">Garcia, Fl&#xE1;vio Augusto de Oliveira</subfield>
  </datafield>
  <datafield tag="100" ind1=" " ind2=" ">
    <subfield code="a">Muniz, Marlove de F&#xE1;tima Bri&#xE3;o</subfield>
  </datafield>
  <datafield tag="245" ind1=" " ind2=" ">
    <subfield code="a">Qualidade sanit&#xE1;ria e fisiol&#xF3;gica Desenna macranthera (DC. ex Collad.) H.S.Irwin &amp; Barneby quando submetida a m&#xE9;todos de supera&#xE7;&#xE3;o da dorm&#xEA;ncia </subfield>
  </datafield>
  <datafield tag="500" ind1=" " ind2=" ">
    <subfield code="a">Publica&#xE7;&#xE3;o on-line; 35 ref.; 3 tables; Summaries (En, Pt)</subfield>
  </datafield>
  <datafield tag="520" ind1=" " ind2=" ">
    <subfield code="a">

RESUMO

Sennamacranthera, mais  conhecida  como  manduirana,  pertence  &#xE0;  fam&#xED;lia  das  Caesalpiniaceaee  ocorre  de forma natural no estado do Paran&#xE1; at&#xE9; o Rio Grande do Norte. &#xC9; uma esp&#xE9;cie pioneira, caracter&#xED;stica de forma&#xE7;&#xE3;o secund&#xE1;ria. Objetivou-se com o presente trabalhodeterminar a qualidade sanit&#xE1;ria e fisiol&#xF3;gica das sementes de Sennamacranthera quando submetidas a m&#xE9;todos de supera&#xE7;&#xE3;o da dorm&#xEA;ncia. As sementes foram submetidas &#xE0; supera&#xE7;&#xE3;o da dorm&#xEA;ncia, por: escarifica&#xE7;&#xE3;o &#xE1;cida por 10, 15, 20 e 25 minutos; imers&#xE3;o em &#xE1;gua quente, com temperatura de 70, 80 e 90 &#xB0;C, at&#xE9; resfriar por 24 horas; imers&#xE3;o em &#xE1;cido giber&#xE9;lico (GA3) na concentra&#xE7;&#xE3;o de 250 e 500 mg.L-1, por 24 e 48 horas; imers&#xE3;o em nitrato de pot&#xE1;ssio (KNO3), na concentra&#xE7;&#xE3;o de 0,2%, por 24 e 48 horas. Em seguida foram realizados os testes de sanidade, germina&#xE7;&#xE3;o e tetraz&#xF3;lio. O delineamento experimental foi inteiramente casualizado, com quatro repeti&#xE7;&#xF5;es de 25 sementes por tratamento. A compara&#xE7;&#xE3;o das m&#xE9;dias entre os diferentes tratamentos de supera&#xE7;&#xE3;o da dorm&#xEA;ncia das sementes foi conduzida atrav&#xE9;s do Teste de Tukey, em nivel de 5% de signific&#xE2;ncia. Os principais g&#xEA;neros f&#xFA;ngicos encontrados associados &#xE0;s sementes foram Penicillium sp. e Aspergillus sp. As sementes de Sennamacranthera apresentaram maior percentagem de germina&#xE7;&#xE3;o quando submetidas &#xE0; escarifica&#xE7;&#xE3;o &#xE1;cida por 15 e 20 minutos, &#xE1;gua quente a 70&#xB0;C; imers&#xE3;o em GA3 250 mg.L-1 por 48 horas e KNO3, por 48 horas. O uso de testes r&#xE1;pidos, como o teste de tetraz&#xF3;lio, mostrou-se pouco eficiente, uma vez que ocorreu uma superestima&#xE7;&#xE3;o do vigor das sementes.

Palavras-chave: manduirana; germina&#xE7;&#xE3;o; teste de tetraz&#xF3;lio; fungos.</subfield>
  </datafield>
  <datafield tag="520" ind1=" " ind2=" ">
    <subfield code="a">

ABSTRACT

Sennamacranthera,  better  known  as  manduirana,  belongs  to  the  family  of  Caesalpiniaceae  and  occurs  naturally in the region from the states of Paran&#xE1; to Rio Grande do Norte. It is a pioneer species, characteristic of secondary education. The objective of this study to determine the health and physiological quality of Senna macranthera seeds when subjected to methods of overcoming dormancy. The seeds were submitted to break dormancy by: acid scarification for 10, 15, 20 and 25 minutes; immersion in hot water with temperature of 70, 80 and 90 &#xB0;C by cooling for 24 hours; immersion in gibberellic acid (GA3) at a concentration of 250 and 500 mg.L-1, 24 and 48 hours; immersion in potassium nitrate (KNO3) at a concentration of 0,2% for 24 and 48 hours. Then they were made the health tests, germination and tetrazolium. The experimental design was completely randomized with four replications of 25 seeds per treatment. The comparison of means between the different treatments to overcome seed dormancy was conducted by the Tukey test at level 5% significance. The main genera of fungi found associated with the seeds were Penicillium sp. and Aspergillus sp. The Sennamacranthera seeds had higher germination rate when subjected to acid scarification for 15 and 20 minutes, hot water at 70&#xB0;C; soaking in GA3 250 mg.L-1 for 48 hours and KNO3 for 48 hours. The use of rapid tests, such as the tetrazolium test, proved inefficient, since there was an overestimation of seed vigor.

Keywords: manduirana; germination; tetrazolium test; fungi.</subfield>
  </datafield>
  <datafield tag="650" ind1=" " ind2=" ">
    <subfield code="a">CASSIA MACRANTHERA</subfield>
  </datafield>
  <datafield tag="650" ind1=" " ind2=" ">
    <subfield code="a">GERMINA&#xC7;&#xC3;O</subfield>
  </datafield>
  <datafield tag="650" ind1=" " ind2=" ">
    <subfield code="a">TESTE DE TETRAZ&#xD3;LIO</subfield>
  </datafield>
  <datafield tag="650" ind1=" " ind2=" ">
    <subfield code="a">FUNGO</subfield>
  </datafield>
  <datafield tag="773" ind1="0" ind2=" ">
    <subfield code="0">4065</subfield>
    <subfield code="9">198128</subfield>
    <subfield code="d">Santa Maria-RS Universidade Federal de Santa Maria - Centro de Pesquisas Florestais.Departamento de Ci&#xEA;ncias Florestais. Programa de P&#xF3;s-Gradua&#xE7;&#xE3;o em Engenharia Florestal 1991</subfield>
    <subfield code="o">2023-437009</subfield>
    <subfield code="t">Ci&#xEA;ncia Florestal (Brazil)</subfield>
    <subfield code="x">0103-9954; 1980-5098 (on-line)</subfield>
    <subfield code="g">v. 28(2) p. 836-844; (Apr-Jun 2018)</subfield>
    <subfield code="w">BR2023001492</subfield>
  </datafield>
  <datafield tag="856" ind1=" " ind2=" ">
    <subfield code="u">https://periodicos.ufsm.br/cienciaflorestal/article/view/32104/pdf</subfield>
  </datafield>
  <datafield tag="942" ind1=" " ind2=" ">
    <subfield code="c">Anal&#xED;tica</subfield>
  </datafield>
  <datafield tag="999" ind1=" " ind2=" ">
    <subfield code="c">298371</subfield>
    <subfield code="d">298371</subfield>
  </datafield>
</record>
